Movies with the most oscars. - Statistiques

Statistiques générales
  • Ce quiz a été pris 81 fois
  • Le résultat moyen est 2 sur 15
Statistiques - réponses
Numbers of oscars Réponse % Correct
11 Titanic
100%
11 Ben-Hur
17%
8 Gone with the Wind
8%
8 Amadeus
6%
10 West Side Story
6%
9 The English Patient
5%
9 Gigi
3%
8 Cabaret
2%
8 Gandhi
2%
8 My Fair Lady
2%
8 Slumdog Millionaire
2%
9 The Last Emperor
2%
8 From Here to Eternity
0%
8 On the Waterfront
0%
11 The lords of the rings return of the king
0%
Aucun quiz correspondant
Distribution des résultats
% des personnes avec chaque résultat
Percentile par nombre de réponses
Votre historique - résultats
Vous n’avez pas pris ce quiz